| 000 | 00455nam a2200193Ia 4500 | ||
|---|---|---|---|
| 003 | OSt | ||
| 005 | 20220629102443.0 | ||
| 008 | 210210b1975 xxu||||| |||| 00| 0 eng d | ||
| 040 | _cAL | ||
| 041 | _aeng | ||
| 082 | _a301 GOOD | ||
| 100 |
_aGOODE (William J), Ed _945915 |
||
| 245 | _aDynamics of modern society | ||
| 260 |
_aND _bEurasia Publishing House _c1975 |
||
| 300 | _a474 | ||
| 690 |
_aSociology _945916 |
||
| 906 | _a032660 | ||
| 942 |
_2ddc _cBK |
||
| 999 |
_c83651 _d83651 |
||